The best school year ever / (Record no. 2)

MARC details
000 -LEADER
fixed length control field 01337nam a22003737a 4500
001 - CONTROL NUMBER
control field 2
003 - CONTROL NUMBER IDENTIFIER
control field FISKH
005 - DATE AND TIME OF LATEST TRANSACTION
control field 20240530160305.0
008 - FIXED-LENGTH DATA ELEMENTS--GENERAL INFORMATION
fixed length control field 230220b cb ||||| |||| 00| 0 eng d
020 ## - INTERNATIONAL STANDARD BOOK NUMBER
International Standard Book Number 0060230398
020 ## - INTERNATIONAL STANDARD BOOK NUMBER
International Standard Book Number 0060230436 (lib. bdg.)
040 ## - CATALOGING SOURCE
Original cataloging agency DLC
Transcribing agency DLC
Modifying agency DLC
-- FISKH
Language of cataloging eng
042 ## - AUTHENTICATION CODE
Authentication code lcac
050 00 - LIBRARY OF CONGRESS CALL NUMBER
Classification number PZ7
Item number .R5628 2010
082 ## - DEWEY DECIMAL CLASSIFICATION NUMBER
Classification number 808.899
100 1# - MAIN ENTRY--PERSONAL NAME
Personal name Robinson, Barbara,
Dates associated with a name 1927-2013.
245 14 - TITLE STATEMENT
Title The best school year ever /
Statement of responsibility, etc. Barbara Robinson.
250 ## - EDITION STATEMENT
Edition statement First Edition
260 ## - PUBLICATION, DISTRIBUTION, ETC.
Place of publication, distribution, etc. New York :
Name of publisher, distributor, etc. Scholastic,
Date of publication, distribution, etc. 2010
300 ## - PHYSICAL DESCRIPTION
Extent 155 pages ;
Dimensions 18 cm
500 ## - GENERAL NOTE
General note Sequel to: The best Christmas pageant ever.
500 ## - GENERAL NOTE
General note Second word of title appears on t.p. with X through it.
520 ## - SUMMARY, ETC.
Summary, etc. The six horrible Herdmans, the worst children in the history of the world, cause mayhem throughout the school year.
521 ## - TARGET AUDIENCE NOTE
Target audience note 1020
Source Lexile
521 ## - TARGET AUDIENCE NOTE
Target audience note W
Source Raz-Plus
650 #1 - SUBJECT ADDED ENTRY--TOPICAL TERM
Topical term or geographic name entry element Schools
Form subdivision Fiction.
650 #1 - SUBJECT ADDED ENTRY--TOPICAL TERM
Topical term or geographic name entry element Brothers and sisters
Form subdivision Fiction.
650 #1 - SUBJECT ADDED ENTRY--TOPICAL TERM
Topical term or geographic name entry element Behavior
Form subdivision Fiction.
650 #1 - SUBJECT ADDED ENTRY--TOPICAL TERM
Topical term or geographic name entry element Humorous stories.
856 42 - ELECTRONIC LOCATION AND ACCESS
Materials specified Publisher description
Uniform Resource Identifier <a href="http://www.loc.gov/catdir/description/hc041/93050891.html">http://www.loc.gov/catdir/description/hc041/93050891.html</a>
856 42 - ELECTRONIC LOCATION AND ACCESS
Materials specified Contributor biographical information
Uniform Resource Identifier <a href="http://www.loc.gov/catdir/enhancements/fy0910/93050891-b.html">http://www.loc.gov/catdir/enhancements/fy0910/93050891-b.html</a>
906 ## - LOCAL DATA ELEMENT F, LDF (RLIN)
a 7
b cbc
c orignew
d 1
e ocip
f 19
g y-gencatlg
942 ## - ADDED ENTRY ELEMENTS (KOHA)
Source of classification or shelving scheme Library of Congress Classification
Koha item type Books
Suppress in OPAC No
Holdings
Withdrawn status Lost status Source of classification or shelving scheme Damaged status Not for loan Collection Home library Current library Shelving location Date acquired Total Checkouts Full call number Barcode Date last seen Date last checked out Price effective from Koha item type
    Library of Congress Classification     Fiction Footprints International School Library Network Toul Kork Campus Footprints International School Library Network Toul Kork Campus A TK Campus, 4th Floor, Room B401, Fiction Bookcases (1-6) 12/16/2022 1 ROB 808.899 PZ7 .R5628 FISTK00576 04/01/2026 03/02/2026 12/16/2022 Books